[Event "Wuertemberg-ch Seniors 27th"]
[Site "Freudenstadt"]
[Date "2015.07.07"]
[Round "5"]
[White "Janzen, Christian"]
[Black "Buhlmann, Werner"]
[Result "0-1"]
[WhiteElo "1745"]
[BlackElo "1892"]
[PlyCount "44"]
[EventDate "2015.07.03"]
[EventType "swiss"]
[EventRounds "9"]
[EventCountry "GER"]
[SourceTitle "EXT 2016"]
[Source "ChessBase"]
[SourceDate "2015.10.08"]
[SourceVersion "1"]
[SourceVersionDate "2015.10.08"]
[SourceQuality "1"]

1. e4 d5 2. e5 e6 3. d4 c5 4. c3 Nc6 5. f4 cxd4 6. cxd4 Qb6 7. Nf3 Nge7 8. Nc3 Bd7 9. Bb5 h6 10. 0-0 Nf5 11. Bxc6 Bxc6 12. g4 Ne7 13. Rf2 0-0-0 14. Be3 f5 15. g5 Kb8 16. Rg2 Be8 17. h4 Bh5 18. Qf1 Ng6 19. Rh2 Bg4 20. Ne1 hxg5 21. hxg5 Rxh2 22. Kxh2 Qxb2+ 0-1

[Event "Wuerttemberg-ch Seniors op 26th"]
[Site "Freudenstadt"]
[Date "2014.07.18"]
[Round "3"]
[White "Janzen, Christian"]
[Black "Blutharsch, Walter"]
[Result "0-1"]
[WhiteElo "1760"]
[BlackElo "1902"]
[PlyCount "62"]
[EventDate "2014.07.16"]
[EventType "swiss"]
[EventRounds "9"]
[EventCountry "GER"]
[SourceTitle "EXT 2019"]
[Source "ChessBase"]
[SourceDate "2018.10.10"]
[SourceVersion "1"]
[SourceVersionDate "2018.10.10"]
[SourceQuality "1"]

1. e4 e5 2. Nf3 Nc6 3. Bc4 Be7 4. 0-0 Nf6 5. d3 d6 6. h3 0-0 7. a3 Na5 8. Nbd2 Nxc4 9. Nxc4 h6 10. Re1 Be6 11. Ne3 Qd7 12. Kh2 Nh7 13. g4 c6 14. c4 Rac8 15. Bd2 Qc7 16. Rc1 Qb8 17. Nf5 Bf6 18. Bb4 Rfe8 19. Re2 Rcd8 20. Qg1 d5 21. cxd5 cxd5 22. Rec2 dxe4 23. dxe4 Ng5 24. Nd2 Rxd2 25. Bxd2 Nf3+ 26. Kg2 Nxg1 27. Kxg1 Qd8 28. Ng3 Bg5 29. Bxg5 Qxg5 30. Rc7 Rd8 31. Kg2 Rd2 0-1

[Event "Bayern-ch op Seniors 26th"]
[Site "Bergen"]
[Date "2014.06.25"]
[Round "5"]
[White "Zehfuss, Helmut"]
[Black "Janzen, Christian"]
[Result "1-0"]
[WhiteElo "1710"]
[BlackElo "1579"]
[PlyCount "79"]
[EventDate "2014.06.21"]
[EventType "swiss"]
[EventRounds "7"]
[EventCountry "GER"]
[SourceTitle "EXT 2018"]
[Source "ChessBase"]
[SourceDate "2017.10.13"]
[SourceVersion "1"]
[SourceVersionDate "2017.10.13"]
[SourceQuality "1"]

1. e4 e5 2. Nf3 Nc6 3. Bb5 d6 4. c3 Bd7 5. 0-0 Nf6 6. Qe2 Be7 7. d3 0-0 8. Rd1 a6 9. Ba4 b5 10. Bc2 Na7 11. Nbd2 c5 12. Nf1 Re8 13. h3 Nc6 14. Kh2 h6 15. g4 g5 16. Ng3 Kh7 17. Nf5 Bxf5 18. gxf5 Nd7 19. Rg1 Rg8 20. Be3 Rg7 21. Nd2 Qg8 22. a4 b4 23. Nc4 a5 24. Rad1 Qb8 25. Kh1 Qc7 26. Bc1 Rag8 27. Ne3 Nf6 28. Bb3 Qb8 29. Bc4 Rh8 30. Nd5 Nxd5 31. Bxd5 Qe8 32. Be3 Kg8 33. Qd2 Kf8 34. d4 Nd8 35. dxe5 dxe5 36. Bc4 Qc6 37. Qd5 Qxd5 38. Rxd5 f6 39. Rgd1 Nf7 40. Bxc5 1-0

[Event "Bayern-ch op Seniors 26th"]
[Site "Bergen"]
[Date "2014.06.24"]
[Round "4"]
[White "Janzen, Christian"]
[Black "Jurgan, Brigitte"]
[Result "1-0"]
[WhiteElo "1579"]
[BlackElo "1225"]
[PlyCount "81"]
[EventDate "2014.06.21"]
[EventType "swiss"]
[EventRounds "7"]
[EventCountry "GER"]
[SourceTitle "EXT 2018"]
[Source "ChessBase"]
[SourceDate "2017.10.13"]
[SourceVersion "1"]
[SourceVersionDate "2017.10.13"]
[SourceQuality "1"]

1. e4 e5 2. Nf3 d6 3. d4 Nc6 4. d5 Nce7 5. c4 b6 6. Nc3 Bd7 7. Bd3 g6 8. Qe2 Bg7 9. Be3 Nf6 10. h3 c6 11. g4 c5 12. Rg1 a6 13. Qd2 Neg8 14. Bg5 Qc8 15. Nh2 h6 16. Be3 h5 17. g5 Nh7 18. h4 Nf8 19. f4 Bg4 20. Nxg4 hxg4 21. Qh2 Ra7 22. f5 f6 23. Rxg4 fxg5 24. Bxg5 Bf6 25. Qg2 Rah7 26. 0-0-0 Bxg5+ 27. Rxg5 Rxh4 28. fxg6 Qh3 29. Qxh3 Rxh3 30. g7 R8h5 31. gxf8Q+ Kxf8 32. Rxh5 Rxh5 33. Rf1+ Ke7 34. Be2 Rg5 35. Kd2 Nf6 36. Ke3 Nd7 37. Rh1 Rg3+ 38. Bf3 Rg7 39. Ne2 Rg8 40. Rg1 Rxg1 41. Nxg1 1-0

[Event "Bayern-ch op Seniors 26th"]
[Site "Bergen"]
[Date "2014.06.22"]
[Round "2"]
[White "Rueckleben, Hermann"]
[Black "Janzen, Christian"]
[Result "1-0"]
[WhiteElo "1876"]
[BlackElo "1579"]
[PlyCount "61"]
[EventDate "2014.06.21"]
[EventType "swiss"]
[EventRounds "7"]
[EventCountry "GER"]
[SourceTitle "EXT 2018"]
[Source "ChessBase"]
[SourceDate "2017.10.13"]
[SourceVersion "1"]
[SourceVersionDate "2017.10.13"]
[SourceQuality "1"]

1. c4 e6 2. Nf3 d5 3. g3 c6 4. b3 Be7 5. Bb2 Bf6 6. d4 Ne7 7. Bg2 Na6 8. Qd2 Nc7 9. 0-0 0-0 10. Nc3 g6 11. e4 Bg7 12. Rfe1 Re8 13. Rad1 b6 14. h4 Ba6 15. Bf1 Kh8 16. Ba3 Ng8 17. g4 f6 18. Qf4 Bb7 19. Qg3 Rc8 20. Re3 Bf8 21. Bb2 Bd6 22. e5 Bf8 23. exf6 Qxf6 24. g5 Qd8 25. Ne5 Kg7 26. h5 gxh5 27. Rf3 Bd6 28. Rf7+ Kh8 29. g6 Nf6 30. Qf4 Ng4 31. Rxh7+ 1-0

[Event "Bayern-ch Seniors 25th"]
[Site "Bergen"]
[Date "2013.06.17"]
[Round "3.29"]
[White "Janzen, Christian"]
[Black "Harke, Horst"]
[Result "1/2-1/2"]
[WhiteElo "1553"]
[BlackElo "1693"]
[PlyCount "86"]
[EventDate "2013.06.15"]
[EventType "swiss"]
[EventRounds "9"]
[EventCountry "GER"]
[SourceTitle "EXT 2022"]
[Source "ChessBase"]
[SourceDate "2021.10.06"]
[SourceVersion "1"]
[SourceVersionDate "2021.10.06"]
[SourceQuality "1"]

1. e4 e5 2. Nf3 Nf6 3. Nc3 Bb4 4. d3 Bxc3+ 5. bxc3 d6 6. Be2 h6 7. Rb1 b6 8. Be3 0-0 9. Nd2 Nh7 10. d4 exd4 11. cxd4 Nd7 12. c3 c5 13. Qa4 Bb7 14. f3 Qe7 15. Bf4 Nhf6 16. Bb5 Nd5 17. Bxd6 Qxd6 18. exd5 Nf6 19. Bc6 Bxc6 20. Qxc6 Qxd5 21. Qxd5 Nxd5 22. Rc1 Rfe8+ 23. Kf2 Nf4 24. Kf1 cxd4 25. cxd4 Nd3 26. Rd1 Rac8 27. Nb3 Nb4 28. Rd2 Nd5 29. Kf2 a5 30. Rc1 a4 31. Rxc8 Rxc8 32. Na1 Rc1 33. Nc2 Rb1 34. Ne3 Nxe3 35. Kxe3 Kf8 36. Kd3 Ke7 37. Kc3 Kd6 38. Rb2 Rxb2 39. Kxb2 Kd5 40. Ka3 Kxd4 41. Kxa4 Kc4 42. Ka3 Kc3 43. Ka4 Kc4 1/2-1/2

[Event "Hessen-ch Seniors op 09th"]
[Site "Bad Sooden-Allendorf"]
[Date "2013.04.27"]
[Round "8"]
[White "Janzen, Christian"]
[Black "Maczollek, Helmut"]
[Result "1/2-1/2"]
[WhiteElo "1808"]
[BlackElo "1620"]
[PlyCount "89"]
[EventDate "2013.04.20"]
[EventType "swiss"]
[EventRounds "9"]
[EventCountry "GER"]
[SourceTitle "EXT 2019"]
[Source "ChessBase"]
[SourceDate "2018.10.10"]
[SourceVersion "1"]
[SourceVersionDate "2018.10.10"]
[SourceQuality "1"]

1. e4 d6 2. d4 Nf6 3. f3 c6 4. c3 Nbd7 5. Bd3 Qc7 6. Be3 e5 7. Ne2 Be7 8. 0-0 0-0 9. Nd2 a6 10. Qe1 c5 11. Qf2 b5 12. d5 c4 13. Bc2 Rb8 14. a3 Re8 15. h3 Nf8 16. f4 exf4 17. Bxf4 Ng6 18. Nd4 Bd7 19. Bh2 Bd8 20. Rae1 Ne5 21. g4 h6 22. N2f3 Rf8 23. Nf5 Bxf5 24. gxf5 Nh7 25. Nxe5 dxe5 26. Kh1 Bf6 27. Rg1 Qd8 28. Rg4 Qd6 29. Qe3 Bg5 30. Qg1 Bf6 31. Re2 Kh8 32. Reg2 Rg8 33. h4 Qb6 34. Qe1 Qd6 35. h5 Ng5 36. Qg3 Rbe8 37. Bg1 Ra8 38. Be3 Qe7 39. Kh2 Rab8 40. Qf2 Rbc8 41. Rg1 Nh7 42. Qg2 Bg5 43. Bxg5 Nxg5 44. Rd1 Rcd8 45. Kh1 1/2-1/2

[Event "Hessen-ch Seniors op 09th"]
[Site "Bad Sooden-Allendorf"]
[Date "2013.04.26"]
[Round "7"]
[White "Bill, Eugen"]
[Black "Janzen, Christian"]
[Result "1-0"]
[WhiteElo "1886"]
[BlackElo "1808"]
[PlyCount "69"]
[EventDate "2013.04.20"]
[EventType "swiss"]
[EventRounds "9"]
[EventCountry "GER"]
[SourceTitle "EXT 2019"]
[Source "ChessBase"]
[SourceDate "2018.10.10"]
[SourceVersion "1"]
[SourceVersionDate "2018.10.10"]
[SourceQuality "1"]

1. d4 d5 2. c4 e6 3. Nc3 c6 4. Nf3 Nd7 5. e3 Ngf6 6. Bd3 b6 7. 0-0 Bb7 8. b3 Bd6 9. Bb2 Qc7 10. h3 h5 11. Rc1 dxc4 12. Bxc4 Rh6 13. e4 Bb4 14. Re1 a6 15. d5 Ng8 16. dxe6 fxe6 17. Ng5 Nf8 18. a3 Be7 19. Nf3 b5 20. Bd3 0-0-0 21. Qc2 c5 22. Ne2 Nf6 23. Ne5 Bd6 24. Nf3 e5 25. Ng3 g6 26. Qd2 Rh8 27. Bc3 Qd7 28. Bxe5 Bxe5 29. Nxe5 Qd4 30. Rxc5+ Kb8 31. Nc6+ Bxc6 32. Rxc6 Qxd3 33. Qf4+ Ka8 34. Rxa6+ Kb7 35. Qxf6 1-0

[Event "Hessen-ch Seniors op 09th"]
[Site "Bad Sooden-Allendorf"]
[Date "2013.04.22"]
[Round "3"]
[White "Girod, Gudrun"]
[Black "Janzen, Christian"]
[Result "0-1"]
[WhiteElo "1583"]
[BlackElo "1808"]
[PlyCount "37"]
[EventDate "2013.04.20"]
[EventType "swiss"]
[EventRounds "9"]
[EventCountry "GER"]
[SourceTitle "EXT 2019"]
[Source "ChessBase"]
[SourceDate "2018.10.10"]
[SourceVersion "1"]
[SourceVersionDate "2018.10.10"]
[SourceQuality "1"]

1. d4 d5 2. e3 Nf6 3. Nf3 e6 4. Be2 Bd6 5. Nbd2 b6 6. 0-0 Bb7 7. c4 0-0 8. b3 Nbd7 9. Bb2 Ne4 10. Rc1 f5 11. cxd5 exd5 12. Bb5 a6 13. Bc6 Bxc6 14. Rxc6 Rf6 15. Rc1 Rh6 16. Ne5 Qh4 17. h3 Ng5 18. Ndf3 Nxh3+ 19. gxh3 0-1

[Event "Bayern-ch Seniors 24nd"]
[Site "Bergen"]
[Date "2012.06.23"]
[Round "8"]
[White "Perzl, Michael"]
[Black "Janzen, Christian"]
[Result "1/2-1/2"]
[WhiteElo "1728"]
[BlackElo "1572"]
[PlyCount "80"]
[EventDate "2012.06.16"]
[EventType "swiss"]
[EventRounds "9"]
[EventCountry "GER"]
[SourceTitle "EXT 2015"]
[Source "ChessBase"]
[SourceDate "2014.11.20"]
[SourceVersion "1"]
[SourceVersionDate "2014.11.20"]
[SourceQuality "1"]

1. d4 d5 2. c4 e6 3. Nc3 c6 4. cxd5 cxd5 5. Nf3 Nf6 6. Bg5 Be7 7. e3 Nbd7 8. Bd3 h6 9. Bh4 0-0 10. 0-0 b6 11. Rc1 Bb7 12. Qe2 Ne4 13. Bxe7 Qxe7 14. Rc2 Nxc3 15. Rxc3 Rfc8 16. Rfc1 Rxc3 17. Rxc3 Rc8 18. Qc2 Rxc3 19. Qxc3 Qd8 20. Kf1 Qc8 21. Qxc8+ Bxc8 22. Ke2 f6 23. e4 Bb7 24. exd5 Bxd5 25. a3 Kf7 26. Bb5 Nb8 27. g3 a6 28. Bd3 b5 29. Ke3 Nc6 30. h4 Bxf3 31. Kxf3 Nxd4+ 32. Ke4 Nc6 33. a4 f5+ 34. Ke3 bxa4 35. Bxa6 Nb4 36. Bc4 a3 37. bxa3 Nc2+ 38. Kd2 Nxa3 39. Bd3 e5 40. Kc3 e4 1/2-1/2

[Event "Bayern-ch Seniors 24nd"]
[Site "Bergen"]
[Date "2012.06.19"]
[Round "4"]
[White "Walther, Renate"]
[Black "Janzen, Christian"]
[Result "0-1"]
[WhiteElo "771"]
[BlackElo "1572"]
[PlyCount "30"]
[EventDate "2012.06.16"]
[EventType "swiss"]
[EventRounds "9"]
[EventCountry "GER"]
[SourceTitle "EXT 2015"]
[Source "ChessBase"]
[SourceDate "2014.11.20"]
[SourceVersion "1"]
[SourceVersionDate "2014.11.20"]
[SourceQuality "1"]

1. e4 e5 2. Nf3 d6 3. Nc3 Nf6 4. Bb5+ c6 5. Ba4 Be7 6. d3 a5 7. Bg5 b5 8. Bxf6 Bxf6 9. Bb3 a4 10. Bd5 cxd5 11. Nxd5 Bb7 12. Nxf6+ gxf6 13. Qe2 Qd7 14. 0-0 Rg8 15. Nh4 Qh3 0-1

[Event "Hessen-ch Seniors op 08th"]
[Site "Bad Sooden-Allendorf"]
[Date "2012.04.21"]
[Round "8"]
[White "Pastowski, Werner"]
[Black "Janzen, Christian"]
[Result "1/2-1/2"]
[WhiteElo "1767"]
[BlackElo "1799"]
[PlyCount "35"]
[EventDate "2012.04.14"]
[EventType "swiss"]
[EventRounds "9"]
[EventCountry "GER"]
[SourceTitle "EXT 2019"]
[Source "ChessBase"]
[SourceDate "2018.10.10"]
[SourceVersion "1"]
[SourceVersionDate "2018.10.10"]
[SourceQuality "1"]

1. d4 d5 2. Nf3 Nf6 3. Nc3 e6 4. Bf4 Bd6 5. Bg3 0-0 6. e3 Re8 7. Bd3 b6 8. 0-0 Bxg3 9. hxg3 Nbd7 10. e4 dxe4 11. Nxe4 Bb7 12. Re1 Nxe4 13. Bxe4 Bxe4 14. Rxe4 Nf6 15. Rh4 Qd5 16. Qd3 Rad8 17. b3 g6 18. c4 1/2-1/2

[Event "Hessen-ch Seniors op 08th"]
[Site "Bad Sooden-Allendorf"]
[Date "2012.04.14"]
[Round "1"]
[White "Janzen, Christian"]
[Black "Knobling, Rolf"]
[Result "1-0"]
[WhiteElo "1799"]
[BlackElo "1627"]
[PlyCount "105"]
[EventDate "2012.04.14"]
[EventType "swiss"]
[EventRounds "9"]
[EventCountry "GER"]
[SourceTitle "EXT 2019"]
[Source "ChessBase"]
[SourceDate "2018.10.10"]
[SourceVersion "1"]
[SourceVersionDate "2018.10.10"]
[SourceQuality "1"]

1. e4 c5 2. Nc3 e5 3. Nf3 Nc6 4. d3 Nf6 5. Be2 h6 6. Be3 d6 7. h3 Be6 8. Qd2 Qd7 9. g4 d5 10. exd5 Nxd5 11. Nxd5 Bxd5 12. Rg1 g5 13. Kf1 0-0-0 14. Qc3 Bxf3 15. Bxf3 Nd4 16. Bxd4 exd4 17. Qd2 Bd6 18. Be4 Qb5 19. c4 Qb6 20. a4 Bf4 21. Qc2 Qa5 22. Ra3 Rd6 23. Rb3 b6 24. Rb5 Qa6 25. a5 Kc7 26. Qa4 Kd8 27. Ke2 Re8 28. Ra1 Rxe4+ 29. dxe4 d3+ 30. Kd1 Re6 31. f3 Bc7 32. Ra3 Rd6 33. Rbb3 Qxa5 34. Qxa5 bxa5 35. Rxd3 Rxd3+ 36. Rxd3+ Ke7 37. Rd5 Bb6 38. Kc2 f6 39. b3 Ke6 40. Kd3 a6 41. Ke3 Ba7 42. f4 gxf4+ 43. Kxf4 Bb8+ 44. Ke3 Ba7 45. Rh5 Kf7 46. Rxh6 Kg7 47. Rh5 Kg6 48. Rf5 Bb6 49. e5 fxe5 50. Rxe5 Kf6 51. Ke4 Kf7 52. Kd5 Bc7 53. Re6 1-0

[Event "Hessen-ch Seniors op 07th"]
[Site "Bad Sooden-Allendorf"]
[Date "2011.05.08"]
[Round "9"]
[White "Janzen, Christian"]
[Black "Kleist, Werner"]
[Result "0-1"]
[WhiteElo "1507"]
[BlackElo "1629"]
[PlyCount "60"]
[EventDate "2011.04.30"]
[EventType "swiss"]
[EventRounds "9"]
[EventCountry "GER"]
[SourceTitle "EXT 2012"]
[Source "ChessBase"]
[SourceDate "2011.11.24"]
[SourceVersion "1"]
[SourceVersionDate "2011.11.24"]
[SourceQuality "1"]

1. e4 d5 2. exd5 Qxd5 3. Qf3 Qxf3 4. Nxf3 Nf6 5. d4 Nc6 6. Bb5 Bd7 7. 0-0 a6 8. Bxc6 Bxc6 9. Ne5 Be4 10. c3 e6 11. Nd2 Bf5 12. Nb3 Bd6 13. Re1 0-0 14. Bg5 Ne4 15. Bh4 g5 16. Rxe4 Bxe4 17. Bxg5 f6 18. Bh6 fxe5 19. Bxf8 Rxf8 20. dxe5 Be7 21. g3 c5 22. f4 c4 23. Nd4 Bc5 24. Kf2 Kf7 25. Ke3 Bd5 26. Rd1 b5 27. a3 a5 28. Ra1 b4 29. axb4 axb4 30. Ra4 Ra8 0-1

[Event "Hessen-ch Seniors op 07th"]
[Site "Bad Sooden-Allendorf"]
[Date "2011.05.04"]
[Round "5"]
[White "Janzen, Christian"]
[Black "Groener, Marga"]
[Result "1-0"]
[WhiteElo "1507"]
[BlackElo "1258"]
[PlyCount "59"]
[EventDate "2011.04.30"]
[EventType "swiss"]
[EventRounds "9"]
[EventCountry "GER"]
[SourceTitle "EXT 2012"]
[Source "ChessBase"]
[SourceDate "2011.11.24"]
[SourceVersion "1"]
[SourceVersionDate "2011.11.24"]
[SourceQuality "1"]

1. e4 e6 2. d4 d5 3. exd5 exd5 4. Bf4 c6 5. Bd3 Bd6 6. Bg3 Bxg3 7. hxg3 Nf6 8. c3 Be6 9. Qc2 h6 10. Ne2 Qd6 11. Nd2 Nbd7 12. 0-0-0 0-0-0 13. Nf3 Ng4 14. Nf4 Ngf6 15. Rde1 Rde8 16. Ne5 Re7 17. Nxe6 Qxe6 18. f4 Qd6 19. Bf5 g6 20. Bxd7+ Nxd7 21. Qd1 h5 22. Nxd7 Qxd7 23. Rxe7 Qxe7 24. Re1 Qd7 25. Qe2 Kd8 26. Qe5 Rg8 27. Qf6+ Kc8 28. Re7 Rf8 29. Rxd7 Kxd7 30. f5 1-0

[Event "Hessen-ch Seniors op 07th"]
[Site "Bad Sooden-Allendorf"]
[Date "2011.05.03"]
[Round "4"]
[White "Brandt, Fred"]
[Black "Janzen, Christian"]
[Result "1-0"]
[WhiteElo "1701"]
[BlackElo "1507"]
[PlyCount "45"]
[EventDate "2011.04.30"]
[EventType "swiss"]
[EventRounds "9"]
[EventCountry "GER"]
[SourceTitle "EXT 2012"]
[Source "ChessBase"]
[SourceDate "2011.11.24"]
[SourceVersion "1"]
[SourceVersionDate "2011.11.24"]
[SourceQuality "1"]

1. d4 d5 2. Nf3 e6 3. e3 Nf6 4. Bd3 c5 5. c3 Nc6 6. Nbd2 c4 7. Bc2 Bd6 8. e4 dxe4 9. Nxe4 Nxe4 10. Bxe4 Bd7 11. 0-0 0-0 12. Bg5 Qa5 13. Qe2 f5 14. Bxc6 bxc6 15. Rfd1 h6 16. Bc1 Rf6 17. Qxc4 Qd5 18. Qe2 Bc7 19. c4 Qd6 20. Ne5 Rd8 21. Bf4 Bc8 22. g3 c5 23. Ng4 1-0

[Event "Hessen-ch Seniors op 07th"]
[Site "Bad Sooden-Allendorf"]
[Date "2011.05.02"]
[Round "3"]
[White "Janzen, Christian"]
[Black "Wernitz, Armin"]
[Result "1-0"]
[WhiteElo "1507"]
[BlackElo "1257"]
[PlyCount "120"]
[EventDate "2011.04.30"]
[EventType "swiss"]
[EventRounds "9"]
[EventCountry "GER"]
[SourceTitle "EXT 2012"]
[Source "ChessBase"]
[SourceDate "2011.11.24"]
[SourceVersion "1"]
[SourceVersionDate "2011.11.24"]
[SourceQuality "1"]

1. e4 d6 2. d4 g6 3. c3 Bg7 4. Nf3 Nf6 5. h3 Nxe4 6. Bd3 f5 7. 0-0 0-0 8. Qb3+ Kh8 9. Re1 Nf6 10. Ng5 d5 11. Ne6 Bxe6 12. Qxb7 Nbd7 13. Rxe6 Nb6 14. Bf4 Qd7 15. Rc6 Ne8 16. Bb5 Qc8 17. Qxc8 Rxc8 18. Ba6 Rd8 19. Bxc7 Nxc7 20. Rxc7 Rd7 21. Rxd7 Nxd7 22. Nd2 e5 23. Nb3 e4 24. Rc1 Rb8 25. Be2 Kg8 26. c4 dxc4 27. Bxc4+ Kf8 28. Be6 Ke7 29. Bxd7 Kxd7 30. Rc2 Rb4 31. Kf1 Kd6 32. Ke2 Kd5 33. Rc7 Bxd4 34. Rxh7 Bf6 35. Rxa7 Bxb2 36. Ra5+ Ke6 37. Ke3 Kf6 38. h4 Rb6 39. Nc5 Rd6 40. Nb3 Rd3+ 41. Ke2 Rd6 42. g3 Bc3 43. Ra8 Ke5 44. Rc8 Bb2 45. Rc5+ Kf6 46. Na5 Bd4 47. Rc6 Rxc6 48. Nxc6 Bb6 49. a4 Ke6 50. a5 Bc5 51. a6 Kd6 52. a7 Bxa7 53. Nxa7 Kc7 54. Nb5+ Kc6 55. Nd4+ Kd5 56. Ke3 Ke5 57. Ne2 Ke6 58. Nf4+ Kf6 59. Kd4 g5 60. hxg5+ Kxg5 1-0

[Event "GER-ch Seniors 22nd"]
[Site "Berlin"]
[Date "2010.08.23"]
[Round "8"]
[White "Janzen, Christian"]
[Black "Vidic, Dobrivoje"]
[Result "0-1"]
[WhiteElo "1616"]
[BlackElo "1653"]
[PlyCount "106"]
[EventDate "2010.08.16"]
[EventType "swiss"]
[EventRounds "9"]
[EventCountry "GER"]
[SourceTitle "CBM 138 Extra"]
[Source "ChessBase"]
[SourceDate "2010.10.29"]
[SourceVersion "1"]
[SourceVersionDate "2010.10.29"]
[SourceQuality "1"]

1. Nf3 d5 2. d4 Nf6 3. Bf4 Nh5 4. Bg3 Nxg3 5. hxg3 e6 6. e3 c5 7. dxc5 Bxc5 8. c3 Nc6 9. Nbd2 Qf6 10. Qc2 Bd7 11. Rxh7 0-0-0 12. Rxh8 Rxh8 13. 0-0-0 Kb8 14. Nb3 Bb6 15. Nbd4 Rc8 16. Nxc6+ Bxc6 17. Nd4 Bd7 18. f4 a6 19. Re1 e5 20. fxe5 Qxe5 21. Qf2 Qe7 22. Bd3 g6 23. Rf1 f5 24. Kd2 Ka7 25. Qf3 Re8 26. a3 Ba4 27. Re1 Rd8 28. g4 fxg4 29. Qxg4 Rg8 30. Qe6 Qd8 31. b3 Bxd4 32. exd4 Qg5+ 33. Kc2 Re8 34. Qxg6 Qxg6 35. Bxg6 Rxe1 36. bxa4 Re2+ 37. Kd3 Rxg2 38. Bf7 Rg5 39. c4 dxc4+ 40. Kxc4 Kb6 41. Bd5 Rg3 42. a5+ Kxa5 43. Bxb7 Kb6 44. Be4 Rxa3 45. Bc2 Ra2 46. Kb3 Ra5 47. Bd3 Rg5 48. Kc4 a5 49. Bc2 Rg7 50. Be4 Rc7+ 51. Kd5 a4 52. Ke6 a3 53. Bb1 Rc1 0-1

[Event "GER-ch Seniors 22nd"]
[Site "Berlin"]
[Date "2010.08.18"]
[Round "3"]
[White "Janzen, Christian"]
[Black "Goepfart, Dietrich"]
[Result "1/2-1/2"]
[WhiteElo "1616"]
[BlackElo "1423"]
[PlyCount "44"]
[EventDate "2010.08.16"]
[EventType "swiss"]
[EventRounds "9"]
[EventCountry "GER"]
[SourceTitle "CBM 138 Extra"]
[Source "ChessBase"]
[SourceDate "2010.10.29"]
[SourceVersion "1"]
[SourceVersionDate "2010.10.29"]
[SourceQuality "1"]

1. e4 e5 2. Nf3 Nc6 3. Bc4 h6 4. d3 Nf6 5. Be3 d5 6. exd5 Nxd5 7. Bxd5 Qxd5 8. 0-0 Bd6 9. Nc3 Qe6 10. Re1 0-0 11. d4 exd4 12. Nxd4 Qf6 13. Nxc6 bxc6 14. Bd4 Qg6 15. Ne4 Bf5 16. f3 Rfe8 17. Qe2 c5 18. Bc3 Bxe4 19. fxe4 Be5 20. Bxe5 Rxe5 21. Qf2 Qb6 22. b3 Rae8 1/2-1/2

[Event "Bayern-ch Seniors 22nd"]
[Site "Bergen"]
[Date "2010.06.16"]
[Round "5"]
[White "Janzen, Christian"]
[Black "Sandner, Josef"]
[Result "1-0"]
[WhiteElo "1562"]
[BlackElo "1455"]
[PlyCount "93"]
[EventDate "2010.06.12"]
[EventType "swiss"]
[EventRounds "9"]
[EventCountry "GER"]
[SourceTitle "EXT 2011"]
[Source "ChessBase"]
[SourceDate "2010.11.26"]
[SourceVersion "1"]
[SourceVersionDate "2010.11.26"]
[SourceQuality "1"]

1. e4 c5 2. Nc3 d6 3. Nf3 Nf6 4. d3 g6 5. Be2 Bg7 6. 0-0 0-0 7. h3 Nc6 8. Rb1 Bd7 9. Be3 a6 10. Qd2 e6 11. e5 Nd5 12. Nxd5 exd5 13. exd6 b6 14. Bf4 f6 15. c3 g5 16. Bh2 h6 17. Ne1 Be6 18. Bf3 Qd7 19. Nc2 Rae8 20. Rfe1 Ne5 21. Bxe5 fxe5 22. Ne3 Qxd6 23. Bg4 Re7 24. Bxe6+ Qxe6 25. f3 Qd7 26. c4 d4 27. Nd5 Re6 28. b4 Qa7 29. Qb2 Ree8 30. Qa3 Rb8 31. Rb3 Rb7 32. Reb1 Rfb8 33. Qb2 Bf8 34. bxc5 Bxc5 35. a4 a5 36. Rb5 Kf7 37. Qe2 Ke6 38. Qe4 Rg7 39. Re1 Bd6 40. Qg4+ Kf7 41. Qf5+ Ke8 42. Qe6+ Be7 43. Rxe5 Kd8 44. Nxb6 Qc7 45. Nd5 Qa7 46. Nxe7 Rxb5 47. Nc6+ 1-0